ბათუმის შოთა რუსთაველის სახელმწიფო უნივერსიტეტის ბიბლიოთეკა

Османская империя.Система государственного управления,социальные и анторелигиозные проблемы. (ბიბ.ჩანაწერი № 35195)

000 -LEADER
fixed length control field 00763nam a2200205Ia 4500
001 - CONTROL NUMBER
control field 1041
003 - CONTROL NUMBER IDENTIFIER
control field GE_BSU
008 - FIXED-LENGTH DATA ELEMENTS--GENERAL INFORMATION
fixed length control field 181216s||||||||xx |||||||||||||| ||und||
040 ## - CATALOGING SOURCE
Transcribing agency GE_BSU
080 ## - UNIVERSAL DECIMAL CLASSIFICATION NUMBER
Universal Decimal Classification number 94(560)
245 ## - TITLE STATEMENT
Title Османская империя.Система государственного управления,социальные и анторелигиозные проблемы.
245 ## - TITLE STATEMENT
Remainder of title Сборник статей
260 ## - PUBLICATION, DISTRIBUTION, ETC.
Place of publication, distribution, etc. Москва
260 ## - PUBLICATION, DISTRIBUTION, ETC.
Name of publisher, distributor, etc. Наука
260 ## - PUBLICATION, DISTRIBUTION, ETC.
Date of publication, distribution, etc. 1986
300 ## - PHYSICAL DESCRIPTION
Extent 256стр.
653 ## - INDEX TERM--UNCONTROLLED
Uncontrolled term Османская империя.Система государственного управления,социальные и анторелигиозные проблемы.
942 ## - ADDED ENTRY ELEMENTS (KOHA)
Koha item type წიგნი
ეგზემპლარები
Withdrawn status Lost status Damaged status Not for loan Date acquired Barcode Date last seen Price effective from Koha item type
        2018-12-17 1276 2018-12-17 2018-12-17 წიგნი